000 01833nam0a2200409 4500
001 RU\NLR\bibl\1465398
005 20260405141413.0
010 _a978-5-87555-497-6
_9100
021 _aRU
_b2009-96070
_96101
035 _a(nilc)EL/0000304874
035 _aRSL-KNO-004420386
035 _a(NLR Aleph) 001457132
090 _a1559888
_c1559888
100 _a20091118d2009 |||y0rusy50 ca
101 0 _arus
102 _aRU
105 _ay |||||||||
200 1 _aПластика преодоления
_eкраткие заметки об истории пластического театра в России в XX веке
_fЕ. В. Юшкова
_g[науч. ред.: Т. С. Злотникова]
_gГОУ ВПО "Яросл. гос. пед. ун-т им. К. Д. Ушинского"
210 _aЯрославль
_cИзд-во ГОУ ВПО "Ярославский государственный педагогический университет"
_d2009
215 _a275 с.
_d17
320 _aБиблиогр.: с. 258-273
606 1 _aПластический театр русский
_92494491
_3RU\NLR\auth\661479873
686 _a85.334.3(2)
_vLBC/RL
_2rubbk
686 _aЩ336.3(2Р=Р)7,0
_2rubbk
686 _aЩ335.420.762.2,0
_2rubbk
686 _aЩ334.076.44,0
_2rubbk
686 _aЩ334.3(2Р=Рус)7
700 1 _aЮшкова
_bЕ. В.
_gЕлена Владимировна
_4070
702 1 _4340
_8rus
_7ca
_aЗлотникова
_bТ. С.
_f1950-
_gТатьяна Семеновна
_3RU\NLR\AUTH\7757476
_940408
801 0 _aRU
_bВологодская ОУНБ
_c20091118
_gRCR
801 1 _aRU
_bВологодская ОУНБ
_c20091118
801 2 _aRU
_bРГБ
_c20091127
801 2 _aRU
_bNLR
_c20100127
_grcr
830 _aавт. по кн.
942 _cBOOK
980 _aNB